| 000 | 00906cab a2200265 4500 | ||
|---|---|---|---|
| 001 | WB3322-20 | ||
| 008 | 090401t1997 xxu||||| |||| 00| 0 eng d | ||
| 035 | _a(Sirsi) u78695 | ||
| 041 | _aeng | ||
| 245 | _aCAB urges rent deposit system | ||
| 260 | _c1997 | ||
| 350 | _a0 | ||
| 490 |
_aTimes _v31 May 1997, 34(2) |
||
| 520 | _aThe National Association of Citizens Advice Bureaux (NACAB) is pressing government to introduce rental deposit boards to prevent unscrupulous landlords or letting agents from witholding rental deposits. | ||
| 650 | _aCAB | ||
| 650 | _aCITIZENS ADVICE BUREAUX | ||
| 650 | _aNACAB | ||
| 650 | _aPRIVATE RENTED SECTOR | ||
| 650 | _aRENTAL DEPOSIT BOARDS | ||
| 650 | _aRENTAL DEPOSITS | ||
| 650 | _aRESIDENTIAL LETTING AGENTS | ||
| 690 | _aPROPERTY-RESIDENTIAL PROPERTY-RESIDENTIAL LANDLORD AND TENANT-RESIDENTIAL TENANCIES | ||
| 942 | _n0 | ||
| 948 | _c02/06/1997 | ||
| 999 |
_c49480 _d49480 |
||